ბათუმის შოთა რუსთაველის სახელმწიფო უნივერსიტეტის ბიბლიოთეკა

Проектирование и экспулуатация нефтебаз и газохранилищ. (ბიბ.ჩანაწერი № 37310)

000 -LEADER
fixed length control field 00733nam a2200217Ia 4500
001 - CONTROL NUMBER
control field 3269
003 - CONTROL NUMBER IDENTIFIER
control field GE_BSU
008 - FIXED-LENGTH DATA ELEMENTS--GENERAL INFORMATION
fixed length control field 181216s||||||||xx |||||||||||||| ||und||
040 ## - CATALOGING SOURCE
Transcribing agency GE_BSU
080 ## - UNIVERSAL DECIMAL CLASSIFICATION NUMBER
Universal Decimal Classification number 622.691/2.004(075.8)
100 ## - MAIN ENTRY--PERSONAL NAME
Personal name Едигаров,С.Г. Бобровский,С.А.
245 ## - TITLE STATEMENT
Title Проектирование и экспулуатация нефтебаз и газохранилищ.
245 ## - TITLE STATEMENT
Remainder of title Учебник.
245 ## - TITLE STATEMENT
Statement of responsibility, etc. Ред.из-ва К.П.Святитская.
260 ## - PUBLICATION, DISTRIBUTION, ETC.
Place of publication, distribution, etc. М.
260 ## - PUBLICATION, DISTRIBUTION, ETC.
Name of publisher, distributor, etc. Недра.
260 ## - PUBLICATION, DISTRIBUTION, ETC.
Date of publication, distribution, etc. 1973.
300 ## - PHYSICAL DESCRIPTION
Extent 368 стр. 25 см.
653 ## - INDEX TERM--UNCONTROLLED
Uncontrolled term Проектирование и экспулуатация нефтебаз и газохранилищ.
942 ## - ADDED ENTRY ELEMENTS (KOHA)
Koha item type წიგნი
ეგზემპლარები
Withdrawn status Lost status Damaged status Not for loan Date acquired Barcode Date last seen Price effective from Koha item type
        2018-12-17 8685 2018-12-17 2018-12-17 წიგნი